000 00577nam a22001817a 4500
005 20251108171147.0
008 250721s1984 xx 000 0 ara d
082 1 4 _a489.307/إبر
100 1 _aالسايح، إبراهيم محمد إبراهيم
245 1 0 _aقواعد و تطبيقات :
_bدراسة مبسطة لقواعد اللغة اليونانية /
250 _aط4
264 _bدار الفكر الجامعي،
_c1984.
300 _a169ص
650 1 7 _aاللغة اليونانية
650 1 7 _aالتعلم
942 _2ddc
_cBK
999 _c58155
_d58155